Pokémon - Générique saison 7 (Paroles) - Statistiques

Statistiques générales
  • Ce quiz a été pris 541 fois
  • Le résultat moyen est 60 sur 72
Statistiques - réponses
Paroles % Correct
Le
94%
le
94%
le
94%
Pokémon
94%
A
93%
à
93%
je
93%
Je
93%
je
93%
je
93%
les
91%
les
91%
de
90%
de
90%
suis
90%
suis
90%
un
90%
la
89%
me
89%
Tous
89%
tous
89%
dresseurs
87%
dresseurs
87%
jour
87%
ont
86%
Et
85%
Et
85%
leur
85%
meilleur
85%
moi
85%
choix
84%
d'arrêter
84%
ne
84%
ne
84%
parcours
84%
pas
84%
eu
83%
Mais
83%
être
82%
Pour
82%
Pour
82%
bien
81%
décourager
81%
laisser
81%
tout
81%
vais
81%
mes
80%
mes
80%
au
79%
au
79%
continuer
79%
décidé
79%
grand
79%
Oui
79%
Oui
79%
plus
79%
que
79%
que
79%
devenir
77%
l'aventure
76%
prêt
76%
saurai
76%
vaincre
76%
jamais
75%
soit
75%
peurs
74%
rendez-vous
74%
s'achève
74%
bout
72%
chance
72%
J'irai
72%
rêves
72%
Aucun quiz correspondant
Distribution des résultats
% des personnes avec chaque résultat
Percentile par nombre de réponses
Votre historique - résultats
Vous n’avez pas pris ce quiz